| 000 | 01396nam0a2200337 4500 | ||
|---|---|---|---|
| 001 | RU\NLR\bibl\1297147 | ||
| 005 | 20250615145938.0 | ||
| 010 |
_a978-5-09-020344-9 _93000 |
||
| 021 |
_aRU _b2008-79172 _94599 |
||
| 035 | _a(NLR Aleph) 001282764 | ||
| 090 |
_a509587 _c509587 |
||
| 100 | _a20081121d2008 |||y0rusy50 ca | ||
| 101 | 0 | _arus | |
| 102 | _aRU | ||
| 105 | _aa ||||||||| | ||
| 200 | 1 |
_aБезопасное поведение на улицах и дорогах _e1-4 классы _eпособие для учащихся общеобразовательных учреждений _f[П.В. Ижевский и др.] _gпод ред. П.В. Ижевского |
|
| 205 | _a2-е изд. | ||
| 210 |
_aМосква _cПросвещение _d2008 |
||
| 215 |
_a61, [2] с. _cцв. ил. _d29 |
||
| 225 | 1 | _aБезопасность дорожного движения | |
| 225 | 1 | _aЗеленый дом | |
| 225 | 1 | _aШкола России | |
| 606 | 1 |
_aПравила дорожного движения _jУчебные издания для начальной школы _92081950 _3RU\NLR\auth\661257958 |
|
| 686 | _aО808.020.3я711-1 | ||
| 702 | 1 |
_aИжевский _bП. В. _gПавел Владимирович _4220 |
|
| 801 | 0 |
_aRU _bNLR _c20081121 _gRCR |
|
| 801 | 1 |
_aRU _bNLR _c20081121 |
|
| 830 | _aсост. по кн. | ||
| 942 | _cBOOK | ||
| 980 | _aNB | ||